000
00297nam a22001337a 4500
020
_a
978-81-8295-151-8
082
_a
494
_b
CBSE/H
245
_a
ACTIVITY ORIENTED V. GUIDE
250
_a
FIRST
260
_a
KOTTAYAM
_b
V.PUBLISHERS
_c
2009
300
_a
371
650
_a
V.GUIDE
_z
KERALA
942
_c
BK
999
_c
4352
_d
4352